000 00279nam a2200109Ia 4500
005 20251222143309.0
008 251222s9999||||xx |||||||||||||| ||spa||
082 _a260/J73/1991
245 0 _aLa Iglesia ante el desafĂ­o de lo social
264 _bArzobispado de Lima
942 _cLIB
999 _c15654
_d15654